| Tag |
First Indicator |
Second Indicator |
Subfields |
| LEADER |
00000nai a2200000 i 4500 |
| 001 |
in00004750607 |
| 006 |
m o d f |
| 007 |
cr ||||||||||| |
| 008 |
230927c20239999dcu x w ob f0 2eng c |
| 005 |
20231030204643.2 |
| 010 |
|
|
|a 2023236219
|
| 035 |
|
|
|a (OCoLC)on1399969097
|
| 040 |
|
|
|a GPO
|b eng
|e rda
|e pn
|c GPO
|d MvI
|
| 042 |
|
|
|a pcc
|
| 043 |
|
|
|a n-us---
|
| 049 |
|
|
|a WWW
|
| 074 |
|
|
|a 0807-A-09 (online)
|
| 086 |
0 |
|
|a LC 14.24:IF 12335/
|
| 100 |
1 |
|
|a Novak, Whitney K.,
|e author.
|
| 245 |
1 |
0 |
|a Constitutional Authority Statements :
|b a quick guide.
|
| 250 |
|
|
|a [Library of Congress public edition].
|
| 264 |
|
1 |
|a [Washington, D.C.] :
|b Congressional Research Service,
|c 2023-
|
| 300 |
|
|
|a 1 online resource.
|
| 310 |
|
|
|a Updated irregularly
|
| 336 |
|
|
|a text
|b txt
|2 rdacontent
|
| 337 |
|
|
|a computer
|2 rdamedia
|
| 338 |
|
|
|a online resource
|b cr
|2 rdacarrier
|
| 490 |
1 |
|
|a IF ;
|v 12335
|
| 500 |
|
|
|a The CRS web page provides access to all versions published since 2018 in accordance with P.L. 115-141.
|
| 500 |
|
|
|a In scope of the U.S. Government Publishing Office Cataloging and Indexing Program (C&I) and Federal Depository Library Program (FDLP).
|
| 500 |
|
|
|a GPO Cataloging Record Distribution Program (CRDP).
|
| 504 |
|
|
|a Report includes bibliographical references.
|
| 588 |
0 |
|
|a Contents viewed on Sept. 27, 2023; title from CRS web page.
|
| 610 |
1 |
0 |
|a United States.
|b Congress
|x Powers and duties.
|
| 650 |
|
0 |
|a Constitutional law
|z United States.
|
| 710 |
2 |
|
|a Library of Congress.
|b Congressional Research Service,
|e issuing body.
|
| 773 |
0 |
8 |
|i Contained in (work):
|t CRS reports (Library of Congress. Congressional Research Service)
|w (DLC) 2018231131
|w (OCoLC)1052784408
|
| 830 |
|
0 |
|a In focus (Library of Congress. Congressional Research Service) ;
|v IF12335.
|
| 856 |
4 |
0 |
|u https://purl.fdlp.gov/GPO/gpo218359
|t 0
|
| 999 |
f |
f |
|s 577cbba5-d38b-4045-9d77-0bf2c3727453
|i 91c9b164-c009-4da5-8cbf-6ba451d3cafd
|t 0
|
| 952 |
f |
f |
|a Texas A&M University
|b College Station
|c Electronic Resources
|d Available Online
|t 0
|e LC 14.24:IF 12335/
|h Superintendent of Documents classification
|
| 998 |
f |
f |
|a LC 14.24:IF 12335/
|t 0
|l Available Online
|